| 000 | 00963nam a2200229 u 4500 | ||
|---|---|---|---|
| 001 | 000295390 | ||
| 003 | AM-YeHGA | ||
| 005 | 20250618071920.0 | ||
| 008 | 031218s1966 ai a r 000 0 arm d | ||
| 040 | _aAM-YeHGA | ||
| 041 | 0 | _aarm | |
| 080 | _a615.8 | ||
| 090 | _aԱ-45 | ||
| 100 | 1 |
_aԱղաջանյան, Գերասիմ Իվանի, _d1911-1980 _92115 |
|
| 245 | 1 | 0 |
_aԱռողջարան Ջերմուկ / _cԳ.Ի. Աղաջանյան, Ժ.Ս. Թոփչյան; Արհմ. կուրորտների ղեկավարման հայկ. հանրապետ. խորհուրդ. |
| 260 |
_aԵրևան : _bՀայաստան, _c1966. |
||
| 300 |
_a112 էջ : _bնկ. ; _c20 սմ. |
||
| 650 | 1 | 4 |
_aԱռողջարաններ _zՋերմուկ |
| 700 | 1 |
_aԹոփչյան, Ժիրայր Սիմոնի, _d1923-1985 _99126 |
|
| 710 | 2 | _aԱրհմիությունների կուրորտների ղեկավարման հայկական հանրապետական խորհուրդ | |
| 090 | _c109690 | ||
| 999 |
_c108362 _d108362 |
||